Central Library OPAC University of Rajshahi

Advances in genetics / (Record no. 14041)

MARC details
000 -LEADER
fixed length control field 01110cas a2200313 4500
001 - CONTROL NUMBER
control field 14041
003 - CONTROL NUMBER IDENTIFIER
rucl marc code BD-RjUL
005 - DATE AND TIME OF LATEST TRANSACTION
control field 20211208235548.0
008 - FIXED-LENGTH DATA ELEMENTS--GENERAL INFORMATION
fixed length control field 140203s1984 nyu x m 0 1 a0eng c
035 ## - SYSTEM CONTROL NUMBER
System control number (BD-RjUL)14093
-- (OCoLC)ocm01779103
040 ## - CATALOGING SOURCE
Original cataloging agency MnMULS
Transcribing agency MnMULS
Modifying agency NSDP
-- DLC
-- OCoLC
-- NST
-- InU
-- NST
-- DNAL
-- OCoLC
-- DNLM
-- OCoLC
-- NLGGC
-- DLC
-- CLU
-- OCoLC
-- InU
-- BD-RjUL
Language of cataloging eng
041 ## - LANGUAGE CODE
Language code of text/sound track or separate title eng
082 04 - DEWEY DECIMAL CLASSIFICATION NUMBER
Edition number 21
Classification number 575.1
Author mark and year ADV 1984
245 00 - TITLE STATEMENT
Title Advances in genetics /
Statement of responsibility, etc. Edited by John G. Scandalios and E. W. Caspari.
Name of part/section of a work Volume 22 :
Number of part/section of a work Molecular Genetics of Plants.
260 ## - PUBLICATION, DISTRIBUTION, ETC. (IMPRINT)
Place of publication, distribution, etc. New York :
Name of publisher, distributor, etc. Academic Press,
Date of publication, distribution, etc. c1984.
300 ## - PHYSICAL DESCRIPTION
Pagination x, 288 p. :
Illustrations ill. ;
Size 23 cm.
504 ## - BIBLIOGRAPHY, ETC. NOTE
Bibliography, etc Includes index.
650 #2 - SUBJECT ADDED ENTRY--TOPICAL TERM
Topical term or geographic name as entry element Genetics
Form subdivision Periodicals.
9 (RLIN) 439
Topical term or geographic name as entry element Genetica.
Source of heading or term gtt
9 (RLIN) 43887
Topical term or geographic name as entry element Genetics
Form subdivision Periodicals.
9 (RLIN) 439
700 1# - ADDED ENTRY--PERSONAL NAME
Personal name Scandalios, John G.
Personal name Caspari, E. W.
772 1# - SUPPLEMENT PARENT ENTRY
Title Advances in genetics
International Standard Serial Number 0065-2660
Record control number (DLC) 47030313
-- (OCoLC)1461194
942 ## - ADDED ENTRY ELEMENTS (KOHA)
Source of classification or shelving scheme Dewey Decimal Classification
Koha item type Books
Holdings
Lost status Source of classification or shelving scheme Materials specified (bound volume or other part) Damaged status Not for loan Collection code Permanent Location Current Location Shelving location Date acquired Source of acquisition Cost, normal purchase price Total Checkouts Full call number Date last seen Copy number Koha item type
  Dewey Decimal Classification V-22   Not For Loan Non-fiction Central Library, University of Rajshahi Central Library, University of Rajshahi Reading Room 10/07/1985 Tulip Enter. Dhaka 1244.00   575.1 ADV 1984 03/02/2014 C-1 Books